Sources and control of air pollution / (Record no. 332151)

000 -LEADER
fixed length control field 01106cam a2200301 a 4500
001 - CONTROL NUMBER
control field 2598866
003 - CONTROL NUMBER IDENTIFIER
control field NUST
005 - DATE AND TIME OF LATEST TRANSACTION
control field 20171115121646.0
008 - FIXED-LENGTH DATA ELEMENTS--GENERAL INFORMATION
fixed length control field 970922s1999 njua b 001 0 eng
010 ## - LIBRARY OF CONGRESS CONTROL NUMBER
LC control number 97031971
020 ## - INTERNATIONAL STANDARD BOOK NUMBER
International Standard Book Number 0136248349
040 ## - CATALOGING SOURCE
Original cataloging agency DLC
Transcribing agency DLC
Modifying agency DLC
050 00 - LIBRARY OF CONGRESS CALL NUMBER
Classification number TD883
Item number .H454 1999
082 00 - DEWEY DECIMAL CLASSIFICATION NUMBER
Classification number 628.53 HEI
Edition number 21
100 1# - MAIN ENTRY--PERSONAL NAME
Personal name Heinsohn, Robert Jennings.
9 (RLIN) 6395
245 10 - TITLE STATEMENT
Title Sources and control of air pollution /
Statement of responsibility, etc. Robert Jennings Heinsohn, Robert Lynn Kabel.
246 30 - VARYING FORM OF TITLE
Title proper/short title Air pollution
260 ## - PUBLICATION, DISTRIBUTION, ETC.
Place of publication, distribution, etc. Upper Saddle River, N.J. :
Name of publisher, distributor, etc. Prentice Hall,
Date of publication, distribution, etc. c1999.
300 ## - PHYSICAL DESCRIPTION
Extent xv, 696 p. :
Other physical details ill. ;
Dimensions 26 cm.
500 ## - GENERAL NOTE
General note H.B
504 ## - BIBLIOGRAPHY, ETC. NOTE
Bibliography, etc. note Includes bibliographical references and index.
650 #0 - SUBJECT ADDED ENTRY--TOPICAL TERM
Topical term or geographic name entry element Air
General subdivision Pollution.
9 (RLIN) 2261
650 #0 - SUBJECT ADDED ENTRY--TOPICAL TERM
Topical term or geographic name entry element Air
General subdivision Purification.
9 (RLIN) 6396
700 1# - ADDED ENTRY--PERSONAL NAME
Personal name Kabel, Robert Lynn.
9 (RLIN) 6397
906 ## - LOCAL DATA ELEMENT F, LDF (RLIN)
a 7
b cbc
c orignew
d 1
e ocip
f 19
g y-gencatlg
942 ## - ADDED ENTRY ELEMENTS (KOHA)
Source of classification or shelving scheme
Koha item type Book
Call number prefix IESE
Holdings
Withdrawn status Lost status Source of classification or shelving scheme Damaged status Not for loan Collection code Permanent Location Current Location Shelving location Date acquired Total Checkouts Full call number Barcode Date last seen Price effective from Koha item type
            Institute of Environmental Science and Engineering (IESE) Institute of Environmental Science and Engineering (IESE) General Stacks 11/15/2017   628.53 HEI IESE-523 11/15/2017 11/15/2017 Book
© 2023 Central Library, National University of Sciences and Technology. All Rights Reserved.